000 00177nam a22000857a 4500
999 _c41161
_d41161
100 _aKripalalosing
245 _aBAl Niti Kahaniyan
260 _bSindhi Navidhan
_c1960
942 _cBK